[Event "Warsaw Najdorf Memorial op-A 15th"]
[Site "Warsaw"]
[Date "2017.07.14"]
[Round "6"]
[White "Tomczak, Mikolaj"]
[Black "Yogesh, Gautam"]
[Result "1-0"]
[WhiteElo "2395"]
[BlackElo "2243"]
[PlyCount "45"]
[EventDate "2017.07.09"]
[EventType "swiss"]
[EventRounds "9"]
[EventCountry "POL"]
[SourceTitle "CBM 179 Extra"]
[Source "ChessBase"]
[SourceDate "2017.08.23"]
[SourceVersion "1"]
[SourceVersionDate "2017.08.23"]
[SourceQuality "1"]

1. c4 e6 2. Nc3 f5 3. d4 Nf6 4. Nf3 d5 5. Bf4 Bd6 6. Bxd6 Qxd6 7. e3 b6 8. Rc1 Bb7 9. cxd5 Nxd5 10. Nxd5 Bxd5 11. Bc4 Bxc4 12. Rxc4 Nd7 13. Qa4 b5 14. Qxb5 Rb8 15. Qa4 Rxb2 16. 0-0 0-0 17. Qxa7 Qd5 18. Qxc7 Rxa2 19. Rb4 Rfa8 20. Rb7 Ra1 21. Nd2 Rxf1+ 22. Nxf1 Ra1 23. g3 1-0

[Event "Warsaw Najdorf Memorial op-A 15th"]
[Site "Warsaw"]
[Date "2017.07.12"]
[Round "4"]
[White "Yogesh, Gautam"]
[Black "Nguyen, Piotr"]
[Result "1/2-1/2"]
[WhiteElo "2243"]
[BlackElo "2444"]
[PlyCount "33"]
[EventDate "2017.07.09"]
[EventType "swiss"]
[EventRounds "9"]
[EventCountry "POL"]
[SourceTitle "CBM 179 Extra"]
[Source "ChessBase"]
[SourceDate "2017.08.23"]
[SourceVersion "1"]
[SourceVersionDate "2017.08.23"]
[SourceQuality "1"]

1. e4 c6 2. d4 d5 3. f3 e6 4. Nc3 Bb4 5. Bf4 Ne7 6. Nge2 0-0 7. Qd2 b6 8. 0-0-0 Ba6 9. a3 Bd6 10. h4 Bxf4 11. Nxf4 Bxf1 12. Rdxf1 Nd7 13. g4 c5 14. exd5 cxd4 15. dxe6 Nc5 16. Nb5 fxe6 17. Nxd4 1/2-1/2

[Event "Warsaw Najdorf Memorial op-A 15th"]
[Site "Warsaw"]
[Date "2017.07.10"]
[Round "2"]
[White "Yogesh, Gautam"]
[Black "Gusain, Himal"]
[Result "0-1"]
[WhiteElo "2243"]
[BlackElo "2461"]
[PlyCount "56"]
[EventDate "2017.07.09"]
[EventType "swiss"]
[EventRounds "9"]
[EventCountry "POL"]
[SourceTitle "CBM 179 Extra"]
[Source "ChessBase"]
[SourceDate "2017.08.23"]
[SourceVersion "1"]
[SourceVersionDate "2017.08.23"]
[SourceQuality "1"]

1. e4 c5 2. Nf3 e6 3. d4 cxd4 4. Nxd4 Nc6 5. Nc3 a6 6. f4 Nxd4 7. Qxd4 b5 8. Be3 Bb7 9. Be2 Rc8 10. a3 Nf6 11. 0-0 Bc5 12. Qd3 Qb6 13. Bxc5 Qxc5+ 14. Kh1 d5 15. e5 Ne4 16. Nxe4 dxe4 17. Qg3 0-0 18. c3 Rcd8 19. Rad1 e3 20. Bd3 Be4 21. Bxe4 e2 22. Rde1 exf1Q+ 23. Rxf1 Rd2 24. f5 exf5 25. Bxf5 g6 26. h4 Re2 27. e6 fxe6 28. Qg4 Qc4 0-1

[Event "Krakow op"]
[Site "Krakow"]
[Date "2017.07.03"]
[Round "4"]
[White "Yogesh, Gautam"]
[Black "Mikrut, Dariusz"]
[Result "0-1"]
[WhiteElo "2243"]
[BlackElo "2404"]
[PlyCount "140"]
[EventDate "2017.07.01"]
[EventType "swiss"]
[EventRounds "7"]
[EventCountry "POL"]
[SourceTitle "CBM 179 Extra"]
[Source "ChessBase"]
[SourceDate "2017.08.23"]
[SourceVersion "1"]
[SourceVersionDate "2017.08.23"]
[SourceQuality "1"]

1. e4 c5 2. Nf3 d6 3. d4 cxd4 4. Nxd4 Nf6 5. Nc3 g6 6. f4 Nc6 7. Nxc6 bxc6 8. e5 Nd7 9. exd6 exd6 10. Be3 Be7 11. Qd4 0-0 12. 0-0-0 d5 13. f5 Re8 14. Nxd5 cxd5 15. Qxd5 Bg5 16. fxg6 Bxe3+ 17. Kb1 hxg6 18. Qxa8 Qb6 19. Bc4 Ne5 20. Bb3 Bd7 21. Qe4 Bf5 22. Qd5 Qc7 23. Rhe1 Bg5 24. Qd6 Qxd6 25. Rxd6 Kg7 26. Rd5 f6 27. Rb5 Re7 28. Rb8 Rd7 29. a4 Bd2 30. Rf1 Bg5 31. h4 Be3 32. h5 Kh6 33. hxg6 Kg5 34. Re8 Bxg6 35. Rf8 Rd6 36. Re1 Bc5 37. Rh8 Rd2 38. a5 Rxg2 39. a6 Rd2 40. Rc8 Bf2 41. Rf1 Bb6 42. Rc3 f5 43. Re1 Kf6 44. Rc8 Bf2 45. Rh1 f4 46. Rf8+ Kg5 47. Rg8 Be3 48. Rf8 f3 49. Re1 Re2 50. Rf1 f2 51. Ka2 Bc5 52. Rd8 Re1 53. Rd1 Rxf1 54. Rxf1 Be4 55. Ba4 Bg2 56. Bb5 Bxf1 57. Bxf1 Ng4 58. c3 Ne3 59. Be2 Kf4 60. b4 f1Q 61. Bxf1 Nxf1 62. Kb3 Ke5 63. Kc4 Kd6 64. Kb5 Bf2 65. c4 Nd2 66. c5+ Kc7 67. Ka5 Kc6 68. Ka4 Nc4 69. Kb3 Kb5 70. c6 Bg3 0-1

[Event "Cappelle op 32nd"]
[Site "Cappelle la Grande"]
[Date "2016.02.15"]
[Round "3"]
[White "Manolache, Marius"]
[Black "Yogesh, Gautam"]
[Result "1-0"]
[WhiteElo "2495"]
[BlackElo "2269"]
[PlyCount "69"]
[EventDate "2016.02.13"]
[EventType "swiss"]
[EventRounds "9"]
[EventCountry "FRA"]
[SourceTitle "EXT 2017"]
[Source "ChessBase"]
[SourceDate "2016.10.25"]
[SourceVersion "1"]
[SourceVersionDate "2016.10.25"]
[SourceQuality "1"]

1. d4 d5 2. Nf3 e6 3. c4 f5 4. Qc2 Nf6 5. h3 c6 6. Bg5 Be7 7. Nc3 0-0 8. g4 Ne4 9. Bxe7 Qxe7 10. Rg1 Nd7 11. g5 b6 12. e3 Bb7 13. Be2 e5 14. dxe5 Nxe5 15. Nxe5 Qxe5 16. f4 Qe7 17. Nxe4 dxe4 18. c5 Kh8 19. Kf2 Rad8 20. Rgd1 b5 21. Qc3 a6 22. Qa5 Rd5 23. Rxd5 cxd5 24. Rc1 d4 25. c6 Bc8 26. exd4 e3+ 27. Kg3 Qd6 28. Qc3 Re8 29. Qc5 Qc7 30. d5 Qa5 31. d6 Qd2 32. d7 Bxd7 33. cxd7 Qxd7 34. Qc6 Qe7 35. Rc5 1-0

[Event "Vlissingen HZ op 19th"]
[Site "Vlissingen"]
[Date "2015.08.06"]
[Round "7"]
[White "Greevenbosch, Henk"]
[Black "Yogesh, Gautam"]
[Result "0-1"]
[WhiteElo "1979"]
[BlackElo "2207"]
[PlyCount "110"]
[EventDate "2015.08.01"]
[EventType "swiss"]
[EventRounds "9"]
[EventCountry "NED"]
[SourceTitle "CBM 167 Extra"]
[Source "ChessBase"]
[SourceDate "2015.09.14"]
[SourceVersion "1"]
[SourceVersionDate "2015.09.14"]
[SourceQuality "1"]

1. c4 e6 2. Nc3 f5 3. g3 Nf6 4. Bg2 d5 5. cxd5 exd5 6. d4 Be7 7. Bg5 c6 8. Bxf6 Bxf6 9. f4 Qb6 10. Nf3 Qxb2 11. Rc1 0-0 12. 0-0 Nd7 13. Qd3 Qb4 14. Ne5 Bxe5 15. fxe5 Nb6 16. h4 Qe7 17. Rf4 h5 18. Rcf1 Be6 19. Nd1 c5 20. Ne3 c4 21. Qc2 g6 22. Rb1 Rad8 23. Nd1 Nc8 24. Nc3 b6 25. a4 a6 26. Na2 Qa7 27. Nb4 Ne7 28. Qa2 Rb8 29. Qd2 b5 30. a5 Rbd8 31. Rff1 Kg7 32. Nc2 Nc6 33. Bf3 Kh7 34. Qf4 Qe7 35. Kg2 b4 36. Qd2 b3 37. Ne3 Nb4 38. Nd1 Na2 39. Nc3 Nxc3 40. Qxc3 Rb8 41. Qe3 Rb5 42. Qd2 Rfb8 43. Rfc1 Qd8 44. Rf1 Qxa5 45. Qf4 Qd8 46. Qd2 a5 47. e3 a4 48. e4 dxe4 49. Bxe4 Rxe5 50. Bf3 Bd5 51. Kh3 Bxf3 52. Rxf3 Re4 53. d5 a3 54. d6 a2 55. Qd5 axb1Q 0-1

[Event "Vlissingen HZ op 19th"]
[Site "Vlissingen"]
[Date "2015.08.01"]
[Round "1"]
[White "Yogesh, Gautam"]
[Black "Wagenvoorde, Guido"]
[Result "1-0"]
[WhiteElo "2207"]
[BlackElo "1824"]
[PlyCount "33"]
[EventDate "2015.08.01"]
[EventType "swiss"]
[EventRounds "9"]
[EventCountry "NED"]
[SourceTitle "CBM 167 Extra"]
[Source "ChessBase"]
[SourceDate "2015.09.14"]
[SourceVersion "1"]
[SourceVersionDate "2015.09.14"]
[SourceQuality "1"]

1. e4 c6 2. d4 d5 3. f3 dxe4 4. fxe4 e5 5. Nf3 exd4 6. Bc4 Nf6 7. 0-0 Nbd7 8. e5 Nd5 9. Qe2 Bc5 10. Kh1 N7b6 11. Ng5 Be6 12. Nxe6 fxe6 13. Bd3 Qh4 14. Nd2 0-0-0 15. Ne4 Rdf8 16. Bg5 Nf4 17. Rxf4 1-0

[Event "Dieren op"]
[Site "Dieren"]
[Date "2015.07.28"]
[Round "7"]
[White "Yogesh, Gautam"]
[Black "Van Osch, Mees"]
[Result "1/2-1/2"]
[WhiteElo "2178"]
[BlackElo "2264"]
[PlyCount "42"]
[EventDate "2015.07.21"]
[EventType "swiss"]
[EventRounds "9"]
[EventCountry "NED"]
[SourceTitle "CBM 167 Extra"]
[Source "ChessBase"]
[SourceDate "2015.09.14"]
[SourceVersion "1"]
[SourceVersionDate "2015.09.14"]
[SourceQuality "1"]

1. e4 c5 2. Nf3 a6 3. d4 cxd4 4. Nxd4 Nf6 5. Nc3 e5 6. Nb3 Bb4 7. Bd3 d5 8. exd5 Nxd5 9. 0-0 Nxc3 10. bxc3 Bxc3 11. Rb1 0-0 12. Qf3 Qc7 13. Ba3 Re8 14. Nc5 Nc6 15. Ne4 Nd4 16. Nf6+ gxf6 17. Qg3+ Kh8 18. Qh4 f5 19. Qf6+ Kg8 20. Qg5+ Kh8 21. Qf6+ Kg8 1/2-1/2

[Event "Porto op"]
[Site "Porto"]
[Date "2015.07.15"]
[Round "4"]
[White "Yogesh, Gautam"]
[Black "Paiva, Henrique MA Alberg"]
[Result "1-0"]
[WhiteElo "2178"]
[BlackElo "1749"]
[PlyCount "55"]
[EventDate "2015.07.13"]
[EventType "swiss"]
[EventRounds "9"]
[EventCountry "POR"]
[SourceTitle "CBM 167 Extra"]
[Source "ChessBase"]
[SourceDate "2015.09.14"]
[SourceVersion "1"]
[SourceVersionDate "2015.09.14"]
[SourceQuality "1"]

1. e4 c5 2. Nf3 d6 3. d4 cxd4 4. Nxd4 Nf6 5. Nc3 Nc6 6. Bg5 e6 7. Qd2 a6 8. 0-0-0 h6 9. Bxf6 Qxf6 10. Nb3 b5 11. f4 Qd8 12. g4 Bb7 13. Bg2 Qc7 14. h4 0-0-0 15. Rh3 Be7 16. Nd5 exd5 17. exd5 Bf6 18. dxc6 Bxc6 19. g5 hxg5 20. hxg5 Be7 21. Rc3 d5 22. Nd4 Rd6 23. Nxc6 Rxc6 24. Qxd5 Rxc3 25. Qa8+ Qb8 26. Qxa6+ Kc7 27. bxc3 Qb6 28. Rd7+ 1-0

[Event "Arlington DC op 2nd"]
[Site "Arlington"]
[Date "2014.06.26"]
[Round "1"]
[White "Bruzon Batista, Lazaro"]
[Black "Yogesh, Gautam"]
[Result "1-0"]
[WhiteElo "2694"]
[BlackElo "2101"]
[PlyCount "63"]
[EventDate "2014.06.26"]
[EventType "swiss"]
[EventRounds "9"]
[EventCountry "USA"]
[SourceTitle "CBM 161 Extra"]
[Source "ChessBase"]
[SourceDate "2014.08.29"]
[SourceVersion "1"]
[SourceVersionDate "2014.08.29"]
[SourceQuality "1"]

1. Nf3 d5 2. d4 e6 3. c4 Nf6 4. Nc3 Be7 5. Bg5 0-0 6. e3 h6 7. Bh4 Ne4 8. Bxe7 Qxe7 9. Rc1 Nxc3 10. Rxc3 b6 11. cxd5 exd5 12. Qc2 c6 13. Bd3 Bb7 14. 0-0 Nd7 15. Rc1 c5 16. b3 Rac8 17. h3 Rc7 18. Bh7+ Kh8 19. Bf5 Rfc8 20. Qd2 g6 21. Bxd7 Qxd7 22. dxc5 bxc5 23. Rxc5 Rxc5 24. Rxc5 Rxc5 25. Qd4+ Kg8 26. Qxc5 Ba6 27. a4 Be2 28. Ne5 Qb7 29. Qc2 Ba6 30. Qc3 Qe7 31. Ng4 Qg5 32. Nf6+ 1-0

[Event "Kuala Lumpur op"]
[Site "Kuala Lumpur"]
[Date "2014.04.05"]
[Round "2"]
[White "Yogesh, Gautam"]
[Black "Greenwood, Martin"]
[Result "1-0"]
[WhiteElo "2091"]
[BlackElo "1587"]
[PlyCount "35"]
[EventDate "2014.04.04"]
[EventType "swiss"]
[EventRounds "9"]
[EventCountry "MAS"]
[SourceTitle "EXT 2015"]
[Source "ChessBase"]
[SourceDate "2014.11.20"]
[SourceVersion "1"]
[SourceVersionDate "2014.11.20"]
[SourceQuality "1"]

1. e4 e6 2. d4 d5 3. Nd2 c5 4. exd5 exd5 5. Ngf3 Nf6 6. Bb5+ Bd7 7. Qe2+ Qe7 8. Ne5 cxd4 9. 0-0 a6 10. Bd3 Nc6 11. Ndf3 Nxe5 12. Nxe5 Be6 13. f4 0-0-0 14. f5 Bd7 15. Bf4 g6 16. fxg6 hxg6 17. Bg5 Bg7 18. Nxd7 1-0

[Event "Kuala Lumpur op"]
[Site "Kuala Lumpur"]
[Date "2014.04.04"]
[Round "1"]
[White "Nguyen, Anh Dung"]
[Black "Yogesh, Gautam"]
[Result "1-0"]
[WhiteElo "2453"]
[BlackElo "2091"]
[PlyCount "78"]
[EventDate "2014.04.04"]
[EventType "swiss"]
[EventRounds "9"]
[EventCountry "MAS"]
[SourceTitle "EXT 2015"]
[Source "ChessBase"]
[SourceDate "2014.11.20"]
[SourceVersion "1"]
[SourceVersionDate "2014.11.20"]
[SourceQuality "1"]

1. d4 d5 2. c4 e6 3. Nc3 Be7 4. Bf4 Nf6 5. e3 0-0 6. Nf3 b6 7. Bd3 c5 8. cxd5 exd5 9. Ne5 Bb7 10. 0-0 Nc6 11. Rc1 a6 12. Qf3 c4 13. Nxc6 Bxc6 14. Bxc4 dxc4 15. Qxc6 b5 16. a4 b4 17. Ne2 Rc8 18. Qxa6 Ne4 19. f3 Ra8 20. Qb5 Nf6 21. Rxc4 Nd5 22. e4 Nxf4 23. Nxf4 Ra5 24. Qc6 Bg5 25. Nd5 Bd2 26. Rd1 Qg5 27. Qd6 Rxd5 28. Qxd5 Qe3+ 29. Kh1 Qe2 30. Ra1 Be1 31. h3 Bg3 32. Rxb4 g6 33. Qc4 Qd2 34. a5 Bf4 35. Rf1 Kg7 36. a6 Rc8 37. Qxc8 Qxb4 38. a7 Qb5 39. Ra1 Qg5 1-0

[Event "Penang op-A 5th"]
[Site "Penang"]
[Date "2013.12.12"]
[Round "6"]
[White "Fisabilillah, Ummi"]
[Black "Yogesh, Gautam"]
[Result "0-1"]
[WhiteElo "1832"]
[BlackElo "2092"]
[PlyCount "76"]
[EventDate "2013.12.09"]
[EventType "swiss"]
[EventRounds "9"]
[EventCountry "MAS"]
[SourceTitle "CBM 157 Extra"]
[Source "ChessBase"]
[SourceDate "2013.12.19"]
[SourceVersion "1"]
[SourceVersionDate "2013.12.19"]
[SourceQuality "1"]

1. e4 e6 2. d4 d5 3. Nc3 Nf6 4. e5 Nfd7 5. f4 c5 6. Nf3 Nc6 7. Be3 cxd4 8. Nxd4 Bc5 9. Qd2 a6 10. 0-0-0 0-0 11. Qf2 Bxd4 12. Bxd4 b5 13. Kb1 b4 14. Ne2 a5 15. Nc1 Ba6 16. Bd3 Nxd4 17. Qxd4 Qb6 18. Nb3 Qc7 19. Qf2 a4 20. Nc1 a3 21. bxa3 bxa3 22. Bxa6 Rxa6 23. Nb3 Ra4 24. Rd3 f6 25. Qe1 Re4 26. Re3 fxe5 27. Rxe4 dxe4 28. g3 exf4 29. Qxe4 Qc3 30. Qxe6+ Kh8 31. Kc1 Ne5 32. Qd6 Rc8 33. Kd1 Nc4 34. Qxf4 Rd8+ 35. Ke2 Qxc2+ 36. Kf3 Rd3+ 37. Kg4 Ne3+ 38. Kh3 Qc8+ 0-1

[Event "Penang op-A 5th"]
[Site "Penang"]
[Date "2013.12.09"]
[Round "1"]
[White "Yogesh, Gautam"]
[Black "Greenwood, Martin"]
[Result "1/2-1/2"]
[WhiteElo "2092"]
[BlackElo "1599"]
[PlyCount "121"]
[EventDate "2013.12.09"]
[EventType "swiss"]
[EventRounds "9"]
[EventCountry "MAS"]
[SourceTitle "CBM 157 Extra"]
[Source "ChessBase"]
[SourceDate "2013.12.19"]
[SourceVersion "1"]
[SourceVersionDate "2013.12.19"]
[SourceQuality "1"]

1. e4 e6 2. Qe2 b6 3. Nf3 Bb7 4. g3 d5 5. exd5 Bxd5 6. Bg2 Nf6 7. 0-0 Be7 8. Nc3 Bb7 9. b3 0-0 10. Bb2 Nd5 11. Nxd5 Bxd5 12. c4 Bb7 13. Rad1 Bf6 14. Ne5 Bxg2 15. Kxg2 Qd6 16. Qe4 c6 17. d4 Qc7 18. f4 Bxe5 19. fxe5 Nd7 20. Rf4 Rae8 21. g4 f6 22. b4 fxe5 23. dxe5 Rxf4 24. Qxf4 c5 25. b5 Nf8 26. Qd2 Ng6 27. Qd7 Qxd7 28. Rxd7 Re7 29. Rd6 Nf8 30. h4 Rd7 31. Rxd7 Nxd7 32. Kf3 Kf7 33. Ke4 Kg6 34. h5+ Kf7 35. Bc1 g6 36. Bg5 Kg7 37. h6+ Kf7 38. Bd8 Ke8 39. Bf6 Kf7 40. Bg5 Ke8 41. Kf4 Kf7 42. Bd8 Ke8 43. Bc7 Kf7 44. a4 Ke8 45. Bd6 Kf7 46. Kg5 Ke8 47. Bc7 Kf7 48. Bd6 Ke8 49. Bc7 Kf7 50. Kf4 Ke8 51. Bd6 Kf7 52. g5 Ke8 53. Bc7 Kf7 54. Ke4 Ke8 55. Kd3 Kf7 56. Kc3 Ke8 57. Kb3 Kf7 58. a5 Ke8 59. a6 Kf7 60. Kc3 Ke8 61. Kd3 1/2-1/2

[Event "Kuala Lumpur op 10th"]
[Site "Kuala Lumpur"]
[Date "2013.08.11"]
[Round "3"]
[White "Yogesh, Gautam"]
[Black "Diano, Eden"]
[Result "1-0"]
[WhiteElo "2051"]
[BlackElo "2313"]
[PlyCount "103"]
[EventDate "2013.08.10"]
[EventType "swiss"]
[EventRounds "9"]
[EventCountry "MAS"]
[SourceTitle "CBM 156 Extra"]
[Source "ChessBase"]
[SourceDate "2013.10.22"]
[SourceVersion "1"]
[SourceVersionDate "2013.10.22"]
[SourceQuality "1"]

1. e4 c5 2. Nf3 a6 3. g3 Nc6 4. Bg2 g6 5. d4 cxd4 6. Nxd4 Bg7 7. Be3 Nf6 8. 0-0 0-0 9. Nxc6 dxc6 10. Qxd8 Rxd8 11. Nc3 Be6 12. Rfd1 Kf8 13. Na4 Rxd1+ 14. Rxd1 Nd7 15. b3 b5 16. Nc5 Nxc5 17. Bxc5 Rc8 18. f4 Ke8 19. Kf2 Rd8 20. Rxd8+ Kxd8 21. Ke3 Kd7 22. Bf1 Bb2 23. h3 h5 24. Kf3 f5 25. Bd3 fxe4+ 26. Bxe4 Bxh3 27. Bxg6 Bg4+ 28. Ke4 Bd1 29. Kd3 Bf6 30. b4 e5 31. Bf5+ Kc7 32. Ke3 exf4+ 33. Kxf4 Be2 34. Bd3 Bxd3 35. cxd3 Kd7 36. Kf5 Bd8 37. Bf2 Be7 38. Be1 c5 39. bxc5 Bxc5 40. Kg6 a5 41. Bxa5 Bf2 42. Kxh5 Bxg3 43. Kg4 Bd6 44. Kf5 Kc6 45. Ke6 Bc5 46. Bc3 Bb6 47. d4 Bxd4 48. Bxd4 Kb7 49. Kd6 Ka6 50. a3 Kb7 51. Bc5 Ka6 52. Kc7 1-0

[Event "Kuala Lumpur op 10th"]
[Site "Kuala Lumpur"]
[Date "2013.08.10"]
[Round "1"]
[White "Yogesh, Gautam"]
[Black "Illingworth, Max"]
[Result "0-1"]
[WhiteElo "2051"]
[BlackElo "2426"]
[PlyCount "84"]
[EventDate "2013.08.10"]
[EventType "swiss"]
[EventRounds "9"]
[EventCountry "MAS"]
[SourceTitle "CBM 156 Extra"]
[Source "ChessBase"]
[SourceDate "2013.10.22"]
[SourceVersion "1"]
[SourceVersionDate "2013.10.22"]
[SourceQuality "1"]

1. e4 c5 2. Nf3 d6 3. d4 cxd4 4. Nxd4 Nf6 5. Nc3 Nc6 6. Bg5 e6 7. Qd2 a6 8. 0-0-0 h6 9. Bf4 Bd7 10. Nxc6 Bxc6 11. Bxd6 Bxd6 12. Qxd6 Qxd6 13. Rxd6 Bxe4 14. f3 Bc6 15. Be2 Ke7 16. Rhd1 Nd5 17. Nxd5+ exd5 18. R6xd5 Bxd5 19. Rxd5 Rad8 20. Re5+ Kf6 21. Re4 g5 22. Rb4 Rhe8 23. Bd3 Re1+ 24. Kd2 Rh1 25. Ke3 Rxh2 26. Kf2 Rd7 27. Rb6+ Ke5 28. Kg1 Rh4 29. g3 Ra4 30. a3 h5 31. Be4 Rc4 32. b3 Rcc7 33. Bd3 f6 34. Kf2 f5 35. Rb4 Rd4 36. Rb6 h4 37. f4+ gxf4 38. gxh4 Rh7 39. Rg6 Rxh4 40. Rg5 Rxd3 41. cxd3 Rh2+ 42. Kf3 Rd2 0-1

[Event "IND-ch U19 43rd"]
[Site "Lucknow"]
[Date "2013.07.12"]
[Round "4"]
[White "Patil, Pratik"]
[Black "Yogesh, Gautam"]
[Result "1-0"]
[WhiteElo "2238"]
[BlackElo "2082"]
[PlyCount "79"]
[EventDate "2013.07.10"]
[EventType "swiss"]
[EventRounds "11"]
[EventCountry "IND"]
[SourceTitle "CBM 155 Extra"]
[Source "ChessBase"]
[SourceDate "2013.08.26"]
[SourceVersion "1"]
[SourceVersionDate "2013.08.26"]
[SourceQuality "1"]

1. e4 e6 2. d4 d5 3. Nd2 Nc6 4. Ngf3 Nf6 5. e5 Nd7 6. Be2 f5 7. exf6 Qxf6 8. Nf1 Bd6 9. Ng3 b6 10. 0-0 h6 11. c4 Bb7 12. Be3 0-0-0 13. Qa4 Ndb8 14. Rac1 a6 15. cxd5 exd5 16. Qc2 g5 17. Nh5 Qf7 18. Ne5 Nxe5 19. dxe5 Bxe5 20. Bg4+ Nd7 21. Bxb6 Kb8 22. Bxc7+ Bxc7 23. Qxc7+ Ka8 24. Ng3 Rhf8 25. Qa5 Ne5 26. Be2 Qf6 27. Rc7 Rc8 28. Rxb7 Kxb7 29. Qxd5+ Ka7 30. Ne4 Qe7 31. Qd4+ Ka8 32. Bxa6 Rc7 33. Nc3 Qc5 34. Qe4+ Ka7 35. Be2 Rcf7 36. Qa4+ Kb8 37. Ne4 Qb6 38. Qa3 Rf4 39. Nc5 Rc8 40. Na6+ 1-0

[Event "Ambalangoda Dhamso op 3rd"]
[Site "Ambalangoda"]
[Date "2013.02.23"]
[Round "5"]
[White "Yogesh, Gautam"]
[Black "Gowtham, T."]
[Result "0-1"]
[WhiteElo "2029"]
[BlackElo "2105"]
[PlyCount "74"]
[EventDate "2013.02.21"]
[EventType "swiss"]
[EventRounds "9"]
[EventCountry "SRI"]
[SourceTitle "CBM 153 Extra"]
[Source "ChessBase"]
[SourceDate "2013.04.22"]
[SourceVersion "1"]
[SourceVersionDate "2013.04.22"]
[SourceQuality "1"]

1. e4 c5 2. Nf3 g6 3. d4 cxd4 4. Nxd4 Bg7 5. c4 Nc6 6. Be3 Nh6 7. Nc3 d6 8. Be2 0-0 9. 0-0 f5 10. exf5 gxf5 11. Bf3 f4 12. Nxc6 bxc6 13. Bxc6 fxe3 14. Bxa8 exf2+ 15. Kh1 Ng4 16. Qd5+ Kh8 17. Qh5 Rf6 18. Bf3 Rh6 19. Bxg4 Rxh5 20. Bxh5 Bd4 21. Rad1 e5 22. Ne4 Qh4 23. Nxd6 Qxh5 24. Nxc8 Qe2 25. Nd6 Qg4 26. c5 Qg6 27. b4 h5 28. Nb5 Be3 29. Rd6 Qc2 30. Rdd1 h4 31. h3 e4 32. Nd6 Kh7 33. Nf5 Bd2 34. Nd4 Qxd1 35. Rxd1 Be1 36. Kh2 f1Q 37. Ra1 Bg3# 0-1

[Event "Commonwealth-ch"]
[Site "Chennai"]
[Date "2012.11.23"]
[Round "2"]
[White "Yogesh, Gautam"]
[Black "Rajesh, VAV"]
[Result "0-1"]
[WhiteElo "1954"]
[BlackElo "2370"]
[PlyCount "60"]
[EventDate "2012.11.23"]
[EventType "swiss"]
[EventRounds "11"]
[EventCountry "IND"]
[SourceTitle "CBM 151 Extra"]
[Source "ChessBase"]
[SourceDate "2012.12.18"]
[SourceVersion "1"]
[SourceVersionDate "2012.12.18"]
[SourceQuality "1"]

1. e4 d6 2. d4 g6 3. Nc3 Bg7 4. Be3 Nd7 5. Qd2 e5 6. 0-0-0 exd4 7. Bxd4 Ngf6 8. e5 dxe5 9. Bxe5 0-0 10. f4 c6 11. Nf3 Qa5 12. Bd6 Re8 13. Kb1 Ng4 14. Bc4 Nb6 15. Rhe1 Bf5 16. Bb3 Bxc3 17. bxc3 Nd5 18. Bb4 Qb6 19. Ne5 Nxe5 20. Rxe5 Rxe5 21. fxe5 a5 22. g4 Be6 23. Bd6 a4 24. c4 axb3 25. cxb3 Bxg4 26. Re1 Bf5+ 27. Kc1 Nf4 28. Qxf4 Rxa2 29. Qe3 Qa5 30. Rg1 Rc2+ 0-1

[Event "Visakhapatnam op"]
[Site "Visakhapatnam"]
[Date "2012.10.26"]
[Round "1"]
[White "Yogesh, Gautam"]
[Black "Kravtsiv, Martyn"]
[Result "0-1"]
[WhiteElo "1954"]
[BlackElo "2592"]
[PlyCount "62"]
[EventDate "2012.10.26"]
[EventType "swiss"]
[EventRounds "11"]
[EventCountry "IND"]
[SourceTitle "EXT 2013"]
[Source "ChessBase"]
[SourceDate "2012.11.22"]
[SourceVersion "1"]
[SourceVersionDate "2012.11.22"]
[SourceQuality "1"]

1. e4 e5 2. Nf3 Nc6 3. d4 exd4 4. Nxd4 Nf6 5. Nxc6 bxc6 6. Bd3 d5 7. 0-0 dxe4 8. Qe1 Qe7 9. Qc3 Bd7 10. Bg5 exd3 11. Re1 Ne4 12. Qa5 Nxg5 13. Rxe7+ Bxe7 14. cxd3 Ne6 15. Nd2 0-0 16. Nc4 Rfd8 17. Rd1 h6 18. Ne3 Be8 19. Nf5 Bf6 20. Qb4 c5 21. Qg4 Kf8 22. b4 cxb4 23. Qxb4+ c5 24. Qa3 Rac8 25. h3 Rc7 26. Qc1 Ba4 27. Re1 Bb5 28. Rxe6 fxe6 29. Qf4 Rf7 30. Nxh6 gxh6 31. Qxh6+ Ke7 0-1